000
00315nam a22001337a 4500
008
171018b xxu||||| |||| 00| 0 eng d
020
_a
0256030758
041
_a
eng
080
_a
338
100
_a
53
101
_a
MEN
245
_a
MANAGEMENT SYSTEMS CONCEPTUAL CONSIDERATIONS
_c
SCHODERBEK,P.P
942
_2
udc
_c
BK
999
_c
34805
_d
34805